000
00266nam a22001097a 4500
008
170124b xxu||||| |||| 00| 0 eng d
020
_a
9780136035480
041
_a
eng
080
_a
618.2
245
_a
NURSING BASICS FOR CLINICAL PRACTICE
_c
BERMAN, A
942
_2
udc
_c
BK
999
_c
3453
_d
3453